01430cam a2200253 a 4500003000400000005001700004008004100021020001900062020001500081035002400096040001700120041000800137082002400145100003100169245008100200260008600281300002800367504007000395505055500465610003301020650003801053650005901091650002601150OSt20210805154707.0100122s2010 dcu b 001 0 eng  a9780844743240  a0844743240 a(OCoLC)ocn502158596 aDLCcCO-JMCR aeng04a332.15 /bM875o2231 aAndrew P. Morriss, eautor10aOffshore financial centers and regulatory competition /cAndrew P. Morriss,  aWashington, D.C. :bAEI Press :bDistributed by Rowman & Littlefield Pub.,c2010. avi, 199 pages ;c24 cm. aIncludes bibliographical references : pages. 147-183. and index.0 tIntroduction / rAndrew P. Morriss -- tOffshore finance and onshore markets : racing to the bottom, or moving toward efficient? / rAnna Manasco Dionne and Jonathan R. Macey -- tThe legitimacy of the offshore financial sector : a legal perspective / rRose-Marie Belle Antoine -- tRegulating tax competition in offshore financial centers / rCraig M. Boise -- tThe International Monetary Fund and the regulation of offshore centers / rRichard K. Gordon -- tThe role of offshore financial centers in regulatory competition / rAndrew P. Morriss.20aInternational Monetary Fund. 0aBanks and banking, International.14aBanks and banking, InternationalxLaw and legislation.24aInvestments, Foreign.